| 000 | 01268nam a2200277 i 4500 | ||
|---|---|---|---|
| 003 | DO-SdBNP | ||
| 005 | 20250717141243.0 | ||
| 007 | ta | ||
| 008 | 250708b1999 dr ||||| |||| 00| 0 spa d | ||
| 040 |
_aDO-SdBNP _bspa _cBNPHU _erda |
||
| 041 | _aspa | ||
| 082 | 4 |
_axxx _bA696 _222 |
|
| 100 | 1 |
_aArias, Luis, _eautor _4aut. _q(Arias Núñez) _99356 |
|
| 245 | 1 | 3 |
_aLa extradición interpretación y aplicación en República Dominicana / _cLuis Arias Núñez |
| 250 | _aSegunda edición | ||
| 264 | 1 |
_aSanto Domingo : _bEditora Centenario, _c1999. |
|
| 300 |
_a347 páginas ; _c23 cm. |
||
| 336 |
_atexto _btxt _2rdacontent |
||
| 337 |
_asin mediación _bn _2rdamedia |
||
| 338 |
_avolumen _bnc _2rdacarrier |
||
| 500 | _aIncluye datos biografícos del autor en la contracubierta. | ||
| 520 | _aEste documento trata sobre la extradición en la República Dominicana. Brevemente describe la historia de la extradición, los conceptos clave como la definición legal de extradición, los tipos de extradición activa y pasiva, y los tratados de extradición más importantes firmados por el país. Finalmente, analiza el caso de extradición más trascendental en la historia dominicana. | ||
| 590 | _aInventariado, 2025/ YL | ||
| 910 | _aYLockward | ||
| 942 |
_2ddc _cLBS1 |
||
| 999 |
_c59467 _d59467 |
||